Typing Challenge: 4-Letter 'D' Words Quiz Stats

 Plays Quiz not verified by Sporcle

Score 0/120 Timer 02:00
0 Plays Today
Word Type it here! % Correct
????
100%
????
97.4%
????
97.4%
????
96.8%
????
96.3%
????
95.8%
????
95.8%
????
95.8%
????
95.8%
????
95.8%
????
95.2%
????
95.2%
????
94.7%
????
94.7%
????
94.7%
????
94.7%
????
94.7%
????
94.7%
????
94.7%
????
94.7%
????
94.7%
????
94.7%
????
94.7%
????
94.7%
????
94.7%
????
94.7%
????
94.7%
????
94.7%
????
94.7%
????
94.7%
????
94.7%
????
94.7%
????
94.7%
????
94.7%
????
94.7%
????
94.7%
????
94.7%
????
94.7%
????
94.7%
????
94.7%
Word Type it here! % Correct
????
94.7%
????
94.7%
????
94.2%
????
94.2%
????
93.7%
????
93.7%
????
93.7%
????
93.7%
????
93.7%
????
93.7%
????
93.7%
????
93.7%
????
92.6%
????
92.1%
????
91%
????
91%
????
91%
????
90.5%
????
90.5%
????
90.5%
????
89.4%
????
89.4%
????
89.4%
????
89.4%
????
88.9%
????
88.9%
????
88.9%
????
88.9%
????
88.4%
????
88.4%
????
87.8%
????
87.3%
????
87.3%
????
87.3%
????
87.3%
????
87.3%
????
87.3%
????
86.2%
????
86.2%
????
86.2%
Word Type it here! % Correct
????
86.2%
????
85.7%
????
85.7%
????
84.7%
????
84.7%
????
83.6%
????
82%
????
81.5%
????
80.4%
????
79.4%
????
78.3%
????
77.8%
????
77.2%
????
75.7%
????
73.5%
????
73%
????
72%
????
70.4%
????
68.8%
????
68.3%
????
67.7%
????
65.1%
????
63%
????
61.4%
????
60.8%
????
59.8%
????
58.7%
????
57.1%
????
54.5%
????
51.9%
????
51.3%
????
50.8%
????
49.2%
????
48.1%
????
45.5%
????
44.4%
????
41.3%
????
39.7%
????
38.6%
????
37%

You're not logged in!

Compare scores with friends on all Sporcle quizzes.
OR
Log In

Sporcle TV

Today on Sporcle TV


Watch our educational content, quiz creation guides, and fun videos on Sporcle TV.

Show Comments

Extras

Top Quizzes Today


Score Distribution

Your Account Isn't Verified!

In order to create a playlist on Sporcle, you need to verify the email address you used during registration. Go to your Sporcle Settings to finish the process.

Report this User

Report this user for behavior that violates our Community Guidelines.

Details: